01014nam a2200241 a 450000500170000000800410001704000250005804100080008304400070009108200190009811000440011724501370016126000850029830000190038365000680040265000260047065000310049671000120052771000600053971000710059971000420067071000600071220200104041553.0140317b2004 ck ||||| |||| 00| 0 spa d aCO-BoIAVHcCO-BoIAVH aspa ack04a352.0986bL87p2 aColombiabMinisterio del Medio Ambiente10aPlan de Ordenamiento Territorial y Desarrollo Alternativo Interfluvio Losada – Guayabero:“bInstrumento para la concertación” / aBogotá,bInstituto Amazónico de Investigaciones Científicas-Sinchi,c2004. a210 p.c28 cm. 6aOrdenamiento ambiental territorialzLosada, Guayaberozcolombia 6aDesarrollo sostenible 6aPlaneación participativa2 aUAESPNN2 aCorporación para el Desarrollo Sostenible la Macarena2 aCorporación para el Desarrollo Sostenible del Sur de la Amazonia2 aPlan de Desarrollo Alternativo Plante2 aAsociación Campesina Ambiental Losada-Guayabero Ascal